000 00584cam a2200169I 4500
040 _cALK
082 _a822 GAR 1936 A111 Or.
100 1 _aShakespeare, William,
245 1 4 _aThe complete works of William Shakespeare :
_bthe Cambridge edition text, as edited by William Aldis Wright, including the Temple notes;
260 _aGarden City, N.Y.,
_bGarden City Publishing Company,
_cc1936
300 _axviii, 1527 p.
_billus.
_c26 cm
500 _aIncludes indexes
700 1 _aWright, William Aldis,
700 1 _aKent, Rockwell,
700 1 _aMorley, Christopher,
942 _cEK
999 _c17167
_d17167